Sports Quiz

Random Sports or Olympics Quiz

US Olympians - Rio 2016 Games Quiz Stats

 Plays Quiz not verified by Sporcle

Score 0/40 Timer 20:00
0 Plays Today
% Correct
Simone Biles
86.4%
Serena Williams
75%
Michael Phelps
68.2%
Gabby Douglas
54.5%
Aly Raisman
52.3%
Katie Ledecky
52.3%
Carmelo Anthony
50%
Allyson Felix
47.7%
Laurie Hernandez
43.2%
Hope Solo
40.9%
Madison Kocian
38.6%
Kevin Durant
36.4%
Justin Gatlin
36.4%
Ryan Lochte
34.1%
Jimmy Butler
29.5%
Kerri Walsh Jennings
29.5%
Venus Williams
27.3%
Ashton Eaton
25%
Nathan Adrian
25%
Simone Manuel
25%
% Correct
Danell Leyva
22.7%
Megan Rapinoe
22.7%
Sam Mikulak
22.7%
Brittney Griner
20.5%
April Ross
20.5%
Jake Dalton
18.2%
David Boudia
13.6%
Dalilah Muhammad
11.4%
English Gardner
11.4%
Kelley O'Hara
11.4%
Steele Johnson
9.1%
Jake Gibb
6.8%
LaShawn Merritt
6.8%
Tori Bowie
6.8%
Casey Patterson
4.5%
Tina Charles
4.5%
David Verburg
4.5%
Phyllis Francis
4.5%
Matthew Centrowitz, Jr.
4.5%
Natasha Hastings
4.5%

You're not logged in!

Compare scores with friends on all Sporcle quizzes.
OR
Log In

You Might Also Like...

Show Comments

Extras

Top Quizzes Today


Score Distribution

Your Account Isn't Verified!

In order to create a playlist on Sporcle, you need to verify the email address you used during registration. Go to your Sporcle Settings to finish the process.

Report this User

Report this user for behavior that violates our Community Guidelines.

Details: